World War II Battles - Statistics

General Stats
  • This quiz has been taken 994 times
    987 since last reset
  • The average score is 11 of 15
Answer Stats
Hint Answer % Correct
June 6th, 1944, Normandy D-Day Invasion
94%
Siege on the USSR city that ended in Soviet victory Siege of Stalingrad
92%
US Navy defeats the Japanese Navy Battle of Midway
88%
Battle that forced the US into the war Attack on Pearl Harbor
86%
Huge Allied retreat to the British mainland from France Dunkirk Evacutaion
82%
The Luftwaffe attempts to eliminate the RAF Battle of Britain
80%
Last great German offensive Battle of the Bulge
80%
Nazi name for the invasion into the USSR Operation Barbarossa
78%
Biggest tank battle in history Battle of Kursk
69%
Victory that forced the Afrika Korps out of Africa Battle of El Alamein
62%
Name for Hitler's land invasion of Britain Operation Sea Lion
60%
Last Nazi effort to stay alive against an onslaught of Soviets Battle of Berlin
58%
Battle that forced Britain to withdraw from the Pacific War Fall of Singapore
52%
Battle on the Solomon Islands for control of Lunga Point- 1942 Battle of Guadalcanal
46%
Patton takes the road from Palermo to Messina Invasion of Sicily
36%
No matching quizzes found
Score Distribution
Percent of People with Each Score
Percentile by Number Answered
Your Score History
You have not taken this quiz since the last reset